000 00580nam a22002177a 4500
003 UA-OsUOA
001 36789
007 ta
008 20060215b un ||||| |||| 00| 0 ukr d
100 _aГалаур С.
090 _a94(477)
_bГ11
942 _cSA
040 _aUA-OsUOA
_bukr
_cUA-OsUOA
_dUA-OsUOA
245 _aПравду про війну тут відчуваєш оголеним нервом
300 _aС.13
955 _a0
041 _aukr
080 _a94(477)
773 0 _w36786
650 7 _a9 Географія. Біографії. Історія
_2UDC
999 _c323036
_d323036